Chile y la ALALC
Guardat en:
| Autor corporatiu: | |
|---|---|
| Format: | Llibre |
| Idioma: | espanyol |
| Publicat: |
Santiago
Del Pacífico
[197?]
|
| Matèries: | |
| Etiquetes: |
Afegir etiqueta
Sense etiquetes, Sigues el primer a etiquetar aquest registre!
|
MARC
| LEADER | 00000nam a22000005a 4500 | ||
|---|---|---|---|
| 003 | CL-ChBUA | ||
| 005 | 20120815091646.0 | ||
| 008 | 091118s197| cl ||||| |||| 000 ||spa | ||
| 040 | |a CL-ChBUA |c CL-ChBUA | ||
| 082 | 0 | 0 | |a 330.983 |
| 090 | |c 26993 |d 26993 | ||
| 110 | 2 | |a Chile. ICARE | |
| 245 | 1 | 0 | |a Chile y la ALALC |
| 260 | |a Santiago |b Del Pacífico |c [197?] | ||
| 300 | |a 146 p. |c 26 cm. | ||
| 504 | |a índice | ||
| 650 | 4 | |a ASOCIACION LATINOAMERICANA DE LIBRE COMERCIO | |
| 650 | 4 | |a CHILE - CONDICIONES ECONOMICAS | |
| 942 | |c LIB | ||
| 952 | |0 0 |1 0 |2 ddc |4 0 |6 330_983000000000000_CH_537_C_1 |7 0 |9 63363 |a UNACH |b UNACH |c 300 |d 2009-11-18 |i 6.451 |l 0 |o 330.983 / Ch 537 c.1 |p 64498 |r 2012-12-27 00:00:00 |u 63363 |w 2012-08-08 |y LIB | ||
| 952 | |0 0 |1 0 |2 ddc |4 0 |6 330_983000000000000_CH_537_C_2 |7 0 |9 63364 |a UNACH |b UNACH |c 300 |d 2009-11-18 |i 10.554 |l 0 |o 330.983 / Ch 537 c.2 |p 64499 |r 2012-12-27 00:00:00 |u 63364 |w 2012-08-08 |y LIB | ||
| 999 | |c 26993 |d 26993 | ||